Tile Trivia #2 - Statistics

General Stats
  • This quiz has been taken 184 times
  • The average score is 47 of 68
Answer Stats
Question Tile Select % Correct
Plays by Shakespeare Romeo and Juliet Yes
98%
Plays by Shakespeare Waiting for Godot No
98%
Plays by Shakespeare The Changeling No
97%
Plays by Shakespeare The Importance of Being Earnest No
96%
Plays by Shakespeare A Midsummer Night's Dream Yes
94%
Plays by Shakespeare Long Day's Journey Into Night No
93%
Modern World Wonders Timbuktu No
92%
Insects Krill No
90%
Songs by the Rolling Stones Here Comes the Sun No
89%
Insects Snail No
89%
Modern World Wonders Alhambra No
88%
Plays by Shakespeare Oedipus Rex No
88%
Songs by the Rolling Stones Summer Of '69 No
88%
Plays by Shakespeare The Merchant of Venice Yes
87%
Songs by the Rolling Stones Winds of Change No
86%
Modern World Wonders Dome of the Rock No
85%
Plays by Shakespeare King Lear Yes
84%
Songs by the Rolling Stones Fortunate Son No
82%
Songs by the Rolling Stones Stairway to Heaven No
82%
Songs by the Rolling Stones Penny Lane No
81%
Songs by the Rolling Stones Smoke on the Water No
80%
Modern World Wonders Taj Mahal Yes
80%
Insects Flea Yes
79%
Insects Leech No
79%
Songs by the Rolling Stones November Rain No
79%
Insects Tarantula No
79%
Songs by the Rolling Stones Knockin' on Heaven's Door No
77%
Insects Termite Yes
77%
Plays by Shakespeare The Taming of the Shrew Yes
76%
Insects Wasp Yes
76%
Modern World Wonders Great Wall of China Yes
74%
Modern World Wonders Acropolis of Athens No
73%
Insects Bumblebee Yes
72%
Plays by Shakespeare Twelfth Night Yes
72%
US Presidents who have also served in the US Senate Dwight D. Eisenhower No
71%
Modern World Wonders Hagia Sophia No
68%
Songs by the Rolling Stones You Can't Always Get What You Want Yes
68%
Plays by Shakespeare Antony and Cleopatra Yes
67%
Insects Moth Yes
67%
Songs by the Rolling Stones Paint It Black Yes
66%
Modern World Wonders Machu Picchu Yes
64%
Songs by the Rolling Stones Brown Sugar Yes
63%
US Presidents who have also served in the US Senate Ronald Reagan No
63%
Songs by the Rolling Stones Sympathy for the Devil Yes
63%
US Presidents who have also served in the US Senate Abraham Lincoln No
62%
US Presidents who have also served in the US Senate John F. Kennedy Yes
62%
Modern World Wonders Christ the Redeemer Yes
61%
Modern World Wonders Angkor Wat No
60%
Modern World Wonders Eiffel Tower No
58%
Modern World Wonders Sydney Opera House No
58%
US Presidents who have also served in the US Senate Barack Obama Yes
57%
US Presidents who have also served in the US Senate Franklin D. Roosevelt No
56%
Songs by the Rolling Stones Gimme Shelter Yes
54%
Modern World Wonders Stonehenge No
54%
Modern World Wonders Colosseum Yes
53%
US Presidents who have also served in the US Senate George W. Bush No
53%
Songs by the Rolling Stones Angie Yes
51%
US Presidents who have also served in the US Senate Jimmy Carter No
50%
Insects Scarab Yes
50%
US Presidents who have also served in the US Senate Lyndon B. Johnson Yes
47%
US Presidents who have also served in the US Senate Richard Nixon Yes
43%
Songs by the Rolling Stones Wild Horses Yes
43%
Insects Centipede No
40%
US Presidents who have also served in the US Senate Harry S. Truman Yes
39%
Modern World Wonders Petra Yes
35%
US Presidents who have also served in the US Senate Andrew Jackson Yes
31%
Modern World Wonders Chichen Itza Yes
27%
Insects Tick No
24%
No matching quizzes found
Score Distribution
Percent of People with Each Score
Percentile by Number Answered
Your Score History
You have not taken this quiz